Illusion two: Fables, fantasies and metafictions

שמור ב:
מידע ביבליוגרפי
מחבר ראשי: Hancock, Geoff
פורמט: ספר
שפה:Undetermined
יצא לאור: Toronto, Canadá AYA 1983
נושאים:
תגים: הוספת תג
אין תגיות, היה/י הראשונ/ה לתייג את הרשומה!

MARC

LEADER 00000nam a2200000Ia 4500
008 170316s9999 xx 000 0 und d
040 |a cru BVZT 
090 |a 818 H-1i v.2 
100 |a Hancock, Geoff 
245 |a Illusion two: Fables, fantasies and metafictions 
260 |a Toronto, Canadá 
260 |b AYA 
260 |c 1983 
300 |a 144 páginas 
650 |a LITERATURA CANADIENSE 
999 |c 6466  |d 6466 
942 |c 15 D  |h 818 H-1i v.2  |2 z